ՀՀ Գիտությունների ազգային ակադեմիայի հիմնարար գիտական գրադարան  =   Fundamental Scientific Library of NAS RA

Рентгенография основных типов породообразующих минералов : (Record no. 56956)

MARC details
000 -LEADER
fixed length control field 01080nam a2200241 u 4500
001 - CONTROL NUMBER
control field 000165912
003 - CONTROL NUMBER IDENTIFIER
control field AM-YeHGA
005 - DATE AND TIME OF LATEST TRANSACTION
control field 20250617123343.0
008 - FIXED-LENGTH DATA ELEMENTS--GENERAL INFORMATION
fixed length control field 950720s1983 ru a|||gr|||||||||0|rus|d
040 ## - CATALOGING SOURCE
Original cataloging agency AM-YeHGA
041 0# - LANGUAGE CODE
Language code of text/sound track or separate title rus
090 ## - LOCALLY ASSIGNED LC-TYPE CALL NUMBER (OCLC); LOCAL CALL NUMBER (RLIN)
-- 57862
245 00 - TITLE STATEMENT
Title Рентгенография основных типов породообразующих минералов :
Remainder of title (Слоистые и каркасные силикаты) /
Statement of responsibility, etc. [В.С. Власов, С.А. Волкова, Н.П. Вяхирев и др.] ; Под ред. В.А. Франк-Каменецкого.
260 ## - PUBLICATION, DISTRIBUTION, ETC.
Place of publication, distribution, etc. Ленинград :
Name of publisher, distributor, etc. Недра. Ленингр. отд-ние,
Date of publication, distribution, etc. 1983.
300 ## - PHYSICAL DESCRIPTION
Extent 359 с. :
Other physical details ил. ;
Dimensions 22 см.
650 14 - SUBJECT ADDED ENTRY--TOPICAL TERM
Topical term or geographic name entry element Минералы породообразующие
650 14 - SUBJECT ADDED ENTRY--TOPICAL TERM
Topical term or geographic name entry element Рентгенографические исследования
700 1# - ADDED ENTRY--PERSONAL NAME
Personal name Власов, В.С.
700 1# - ADDED ENTRY--PERSONAL NAME
Personal name Волкова, С.А.
700 1# - ADDED ENTRY--PERSONAL NAME
Personal name Вяхирев, Н.П.
700 1# - ADDED ENTRY--PERSONAL NAME
Personal name Франк-Каменецкий, Виктор Альбертович
Relationship edt
942 ## - ADDED ENTRY ELEMENTS (KOHA)
Source of classification or shelving scheme Universal Decimal Classification
Koha item type Գրքեր / Books
Holdings
Withdrawn status Lost status Source of classification or shelving scheme Damaged status Not for loan Collection Home library Current library Date acquired Total checkouts Full call number Barcode Date last seen Price effective from Koha item type Public note
    Universal Decimal Classification     General Fundamental Scientific Library Fundamental Scientific Library 22/12/2016   PII/505681 FL0225191 22/12/2016 22/12/2016 Գրքեր / Books 30 Days Loan
    Universal Decimal Classification     General Fundamental Scientific Library Fundamental Scientific Library 22/12/2016   PII/516875 FL0202434 22/12/2016 22/12/2016 Գրքեր / Books 30 Days Loan


ՀՀ ԳԱԱ հիմնարար գիտական գրադարան
ՀՀ,Երևան 0019
Մարշալ Բաղրամյան 24/6
հեռախոս:(374-10) 52-47-50
Հետադարձ կապ

All site content, except where otherwise noted, is licensed under a
Creative Commons License